000 00413nam a2200157Ia 4500
003 GCL
008 140319s9999 xx 000 0 eng d
040 _aGCL /
_cGCL
082 0 4 _a300.72
_bB D
100 1 _aBAKER, THERESE L.
245 1 0 _aDOING SOCIAL RESEARCH /
_cBAKER, THERESE L.
260 _a[S.N] :
_bMC GRAW - HILL ،
_c1994
300 _a499 P
650 0 4 _aSOCIAL SCIENCE - RESEARCH
942 _2ddc
_cBK
999 _c24522
_d24522